00401nam a2200145Ia 4500008004100000020001800041041000800059082001400067100001000081245006800091260002000159300003100179365001700210700002800227230718s9999 xx 000 0 und d a9781439875148 aeng a006.7bHE aHe Y. aOptimal Resource Allocation For Distributed Video Communication c2014bCRC Press a191dRef 1590 E ME (49266) cRs.b6193.00 aHe Y.; Guan L. & Zhu W.